| 000 | 00822nam a2200241Ia 4500 | ||
|---|---|---|---|
| 003 | GCL | ||
| 008 | 140319s9999 xx 000 0 ara d | ||
| 020 | _a3906345977 | ||
| 040 |
_aGCL / _cGCL |
||
| 082 | 0 | 4 |
_a302 _bب ب |
| 100 | 1 | _aبرادبرى، اندرو | |
| 245 | 1 | 0 |
_aالبرمجة اللغوية العصبية : _bDEVELOP YOUR (N L P) SKILLS / _cبرادبرى، اندرو |
| 250 | _aالاولى | ||
| 260 |
_aالقاهرة : _bدار الفاروق للنشر والتوزيع ، _c2004 |
||
| 300 |
_a168ص ؛ _c24سم |
||
| 490 |
_aنحو النجاح _v0 |
||
| 650 | 0 | 4 | _aالعلاقات الانسانية |
| 650 | 0 | 4 | _aالسلوك الاجتماعى |
| 650 | 0 | 4 | _aعلم النفس الاجتماعى |
| 650 | 0 | 4 | _aادارة الافراد |
| 650 | 0 | 4 | _aالمحاكاة |
| 942 |
_2ddc _cBK |
||
| 999 |
_c8287 _d8287 |
||